Power Rangers Wild Force - Statistics

General Stats
  • This quiz has been taken 74 times
    66 since last reset
  • The average score is 13 of 29
Answer Stats
Questions Answer % Correct
Red Ranger Cole Evans
89%
Black Ranger Danny Delgato
78%
Extra Ranger Merrick Baliton
78%
Blue Ranger Max Cooper
69%
Yellow Ranger Taylor Earhardt
69%
White Ranger Alyssa Enrile
67%
What is this island shaped like? Turtle
61%
How many horns does a Duke Org have? One
58%
One of the two primary Duke Orgs Toxica
56%
Name of the island that she is put to sleep on Animarium
50%
What is the yellow ranger's occupation before becoming a ranger Air Force
47%
His evil counter part Zen-Aku
44%
Megazord's name Animus
42%
The other one Jindrax
42%
Master Org's real name Dr. Viktor Adler
36%
Boy that turns into a megazord Kite
36%
When the red ranger's zord gets injured what do the rangers seek out to find? Soul Bird
36%
After his parents are killed, the red ranger is adopted by what? A tribe
33%
Red Ranger's Dad Dr. Richard Evans
33%
Morpher's Name Growl Phone
33%
Red Ranger's Mom Dr. Elizabeth Evans
31%
She is protected by 5 what? Wild Zords
31%
Org General that freed the preceding from his trap General Nayzor
28%
The city in the show is called what? Turtle Cove
28%
General that betrays the first of these two General Mandilok
25%
Duke org that carries out the betrayal Onikage
19%
Princess that is put to sleep Princess Sheila
19%
The org's lair is called what The Nexus
19%
What causes new orgs to form? Pollution
17%
No matching quizzes found
Score Distribution
Percent of People with Each Score
Percentile by Number Answered
Your Score History
You have not taken this quiz since the last reset